Türkiye'de bölgelerarası dengesizlikler = (Kayıt no. 10228)

MARC ayrıntıları
000 -BAŞLIK
Sabit Uzunluktaki Kontrol Alanı 00913nam a22002297a 4500
003 - KONTROL NUMARASI KİMLİĞİ
Kontrol Alanı KOHA_MİRAKIL
005 - EN SON İŞLEM TARİHİ ve ZAMANI
Kontrol Alanı 20260414085515.0
008 - SABİT UZUNLUKTAKİ VERİ ÖGELERİ - GENEL BİLGİ
Sabit Alan 260414b tu ||||| |||| 00| 0 tur d
040 ## - KATALOGLAMA KAYNAĞI
Özgün Kataloglama Kurumu TR-AnABB
Kataloglama Dili tur
Çeviri Kurumu TR-AnABB
041 ## - DİL KODU
Metin ya da ses kaydının dil kodu tur
082 ## - DEWEY ONU SINIFLAMA SİSTEMİ
Sınıflama Numarası 338.9561
Cutter numarası KEL 1964
100 1# - KİŞİ ADI
Yazar Adı (Kişi adı) Keleş, Ruşen Y.
245 10 - ESER ADI BİLDİRİMİ
Başlık Türkiye'de bölgelerarası dengesizlikler =
Alt Eseradı vb. Regional diparities in Turkey /
Sorumluluk Bildirimi Ruşen Y. Keleş
246 ## - DEĞİŞİK BAŞLIK FORMU
Başlık uygun / kısa başlık Regional disparitties in Turkey
260 ## - YAYIN, DAĞITIM, VB.
Yayın Yeri Ankara :
Yayınevi Ankara Üniversitesi Siyasal Bilgiler Fakültesi,
Yayın Tarihi 1964
300 ## - FİZİKSEL TANIMLAMA
Sayfa, Cilt vb. 135 sayfa ;
Boyutları 24 cm
500 ## - GENEL NOT
Genel Not Ankara Üniversitesi Siyasal Bilgiler Fakültesi Yedinci İskan ve Şehircilik Haftası Konferans'larından ayrı baskı (11-13 Haziran 1963)
546 ## - DİL NOTU
Dil Notu Eser Türkçe İngilizce paraleldir.
650 04 - KONU BAŞLIĞI EK GİRİŞ - KONU TERİMİ
Konusal terim veya coğrafi ad Bölgesel planlama, Türkiye
650 04 - KONU BAŞLIĞI EK GİRİŞ - KONU TERİMİ
Konusal terim veya coğrafi ad Ekonomik politika, Türkiye
942 ## - EK GİRİŞ ÖGELERİ (KOHA)
Sınıflama Kaynağı Dewey Decimal Classification
Materyal Türü Kitap
900 ## - YEREL BİLGİ
Kontrol Can ÇELIK
Mevcut
Geri Çekilme Durumu Kayıp Durumu Sınıflandırma Kaynağı Kredi için değil Kalıcı Konum Mevcut Konum Kayıt Tarih Toplam Ödünçverme Yer Numarası Demirbaş Numarası Son Görülme Tarihi Fatura Tarihi Materyal Türü
    Dewey Decimal Classification   Prof. Dr. Ruşen Keleş Kütüphanesi Prof. Dr. Ruşen Keleş Kütüphanesi 14/04/2026   338.9561 KEL 1964 RK7067 14/04/2026 14/04/2026 Kitap
    Dewey Decimal Classification   Prof. Dr. Ruşen Keleş Kütüphanesi Prof. Dr. Ruşen Keleş Kütüphanesi 14/04/2026   338.9561 KEL 1964 RK7068 14/04/2026 14/04/2026 Kitap